000 00875nas a2200289 4500
001 BR9601788
003 BR-BrBNA
005 20231205095145.0
007 ta
008 230509b bl.|||p| |||| 00| 00por d
040 _aBR-BrBNA
_bpor
_cBiblioteca Nacional de Agricultura
041 _a(Pt)
072 _aF03
100 1 _aCampana, B.
100 1 _aCaffarini, P.
100 1 _aCalvar, J.
100 1 _aFaita, E.
100 1 _aPanzardi, S.
245 1 _aQuebra de dormencia de sementes de pessegueiros (Prunus persica (L.)Batsch)mediante reguladores de crescimento
650 _aPessego
650 _aSemente
650 _aAcido Giberelico
650 _aPoder Germinativo
773 0 _tRevista Brasileira de Fruticultura (Brazil)
_xISSN 0100-2945
_g(1993), v. 15(1) p. 171-176
_wBR9601788
909 _a202311
_bLúcia
_c55
_dLúcia Elande
942 _2AGRIS
_n0
_cANA
999 _c148959
_d148959